000 00519nam a2200193 4500
003 OSt
005 20260421071255.0
006 a
008 240619b |||||||| |||| 00| 0 eng d
020 _a9789712727054
040 _aDWCL-Main lib.
_cOC
082 _aCirc. 512 G978b 2012
100 _aGustafson, David R.
245 _aBeginning algebra /
260 _aMandaluyong City, Phils. :
_bAnvil Publishing,
_cc2012.
300 _b378 p. : ill. ;
_c27 cm.
650 _a1. Algebra.
942 _2ddc
_n0
_cBK-CIRC
_kCirc.
999 _c922
_d922